000 00558nam a22001817a 4500
005 20160803122302.0
010 _a ENG-115416
020 _a9489351437284
_c395.00
035 _aEN-98948
037 _bDBAD/PUB
082 _a343.540721
100 _aVahini,Versha
245 _aIndian competition law /
_cby Versha Vahini
260 _aGurgaon
_bLexis Nexis
_c2013
270 _a14th Floor, Building No 10, Tower-B, DLF Cyber City, Phase-ll,
_bGurgaon
_e122002
300 _axiii,286p.
_c24cm(pbk)
942 _2ddc
_cEN
_mVAH
_h343.540721
999 _c101760
_d101760